000 00303nam a22001337a 4500
008 181009b xxu||||| |||| 00| 0 eng d
020 _a9780805309201
041 _aeng
080 _a573
100 _a11
101 _aBIO
245 _aBiology Concepts & Connections
_cCampbell,N.A
942 _2udc
_cBK
999 _c49149
_d49149